<?xml version="1.0" encoding="UTF-8"?>
<record
    xmlns:xsi="http://www.w3.org/2001/XMLSchema-instance"
    xsi:schemaLocation="http://www.loc.gov/MARC21/slim http://www.loc.gov/standards/marcxml/schema/MARC21slim.xsd"
    xmlns="http://www.loc.gov/MARC21/slim">

  <leader>04020nam a2200409 i 4500</leader>
  <controlfield tag="003">CO-MdUADB</controlfield>
  <controlfield tag="005">20250309165903.0</controlfield>
  <controlfield tag="007">ta</controlfield>
  <controlfield tag="008">221109s1995    sp  |||gr|||| 000 0 spa d</controlfield>
  <datafield tag="020" ind1=" " ind2=" ">
    <subfield code="a">8481640727</subfield>
    <subfield code="q">ISBN Trotta</subfield>
  </datafield>
  <datafield tag="020" ind1=" " ind2=" ">
    <subfield code="a">8445111108</subfield>
    <subfield code="q">ISBN Comunidad de Madrid</subfield>
  </datafield>
  <datafield tag="020" ind1=" " ind2=" ">
    <subfield code="a">9788481640724</subfield>
  </datafield>
  <datafield tag="040" ind1=" " ind2=" ">
    <subfield code="a">CO-MdUADB</subfield>
    <subfield code="b">spa</subfield>
    <subfield code="c">CO-MdUADB</subfield>
    <subfield code="e">rda</subfield>
  </datafield>
  <datafield tag="041" ind1="1" ind2=" ">
    <subfield code="a">spa</subfield>
    <subfield code="h">ger</subfield>
  </datafield>
  <datafield tag="082" ind1="0" ind2="4">
    <subfield code="a">200.1</subfield>
    <subfield code="b">F423</subfield>
  </datafield>
  <datafield tag="100" ind1="1" ind2=" ">
    <subfield code="a">Feuerbach, Ludwig,</subfield>
    <subfield code="c"> </subfield>
    <subfield code="d">1804-1872</subfield>
    <subfield code="e">aut</subfield>
    <subfield code="9">242612</subfield>
  </datafield>
  <datafield tag="245" ind1="1" ind2="3">
    <subfield code="a">La esencia del cristianismo /</subfield>
    <subfield code="c">Ludwig Feuerbach ; traducci&#xF3;n de Jos&#xE9; L. Iglesias ; pr&#xF3;logo de Manuel Cabada Castro</subfield>
  </datafield>
  <datafield tag="246" ind1="1" ind2="5">
    <subfield code="a">Das Wesen des Christentums</subfield>
  </datafield>
  <datafield tag="264" ind1=" " ind2="1">
    <subfield code="a">Madrid :</subfield>
    <subfield code="b">Trotta ;</subfield>
    <subfield code="b">Comunidad de Madrid. Consejer&#xED;a de Educaci&#xF3;n y Cultura,</subfield>
    <subfield code="c">1995</subfield>
  </datafield>
  <datafield tag="300" ind1=" " ind2=" ">
    <subfield code="a">398 p&#xE1;ginas ;</subfield>
    <subfield code="c">23 cm.</subfield>
  </datafield>
  <datafield tag="336" ind1=" " ind2=" ">
    <subfield code="2">rdacontent</subfield>
    <subfield code="a">texto</subfield>
    <subfield code="b">txt</subfield>
  </datafield>
  <datafield tag="337" ind1=" " ind2=" ">
    <subfield code="a">no mediado</subfield>
  </datafield>
  <datafield tag="338" ind1=" " ind2=" ">
    <subfield code="a">volumen</subfield>
  </datafield>
  <datafield tag="377" ind1=" " ind2=" ">
    <subfield code="a">ger</subfield>
    <subfield code="l">Alem&#xE1;n</subfield>
  </datafield>
  <datafield tag="377" ind1=" " ind2=" ">
    <subfield code="a">spa</subfield>
    <subfield code="l">Espa&#xF1;ol</subfield>
  </datafield>
  <datafield tag="380" ind1=" " ind2="7">
    <subfield code="2">lemb</subfield>
    <subfield code="a">Libros de texto</subfield>
  </datafield>
  <datafield tag="490" ind1="0" ind2=" ">
    <subfield code="a">(Cl&#xE1;sicos de la Cultura ;</subfield>
    <subfield code="v">3)</subfield>
  </datafield>
  <datafield tag="500" ind1=" " ind2=" ">
    <subfield code="a">BIBLIOTECA CARLOS GAVIRIA D&#xCD;AZ : PROCEDENCIA : Con adhesivo de la Editora Siglo del Hombre de Bogot&#xE1; donde se adquiri&#xF3; el texto ; MATERIAL ACOMPA&#xD1;ANTE : Con separadores  Editora Siglo del Hombre encontrado entre las p&#xE1;ginas 12 y 13.</subfield>
  </datafield>
  <datafield tag="505" ind1=" " ind2=" ">
    <subfield code="t">Introducci&#xF3;n:  --</subfield>
    <subfield code="t">1. La esencia del hombre --</subfield>
    <subfield code="t">2. La esencia de la religi&#xF3;n --</subfield>
    <subfield code="t">I. La esencia verdadera, es decir, antropol&#xF3;gica, de la religi&#xF3;n --</subfield>
    <subfield code="t">3. Dios, como ser del entendimiento --</subfield>
    <subfield code="t">4. Dios, como ser moral o como ley --</subfield>
    <subfield code="t">5. El misterio de la encarnaci&#xF3;n o Dios como ser del coraz&#xF3;n --</subfield>
    <subfield code="t">6. El misterio del Dios que sufre --</subfield>
    <subfield code="t">7. El misterio de la trinidad y de la madre de Dios --</subfield>
    <subfield code="t">8. El misterio del logos y la imagen divina --</subfield>
    <subfield code="t">9. El misterio del principio creador del mundo en Dios --</subfield>
    <subfield code="t">10. El misterio del misticismo o el misterio de la naturaleza en Dios --</subfield>
    <subfield code="t">11. El misterio de la providencia y la creaci&#xF3;n ex nihilo --</subfield>
    <subfield code="t">12. La significaci&#xF3;n de la creaci&#xF3;n en el juda&#xED;smo --</subfield>
    <subfield code="t">13. La omnipotencia del sentimiento o el misterio de la oraci&#xF3;n --</subfield>
    <subfield code="t">14. El misterio de la fe, el misterio del milagro --</subfield>
    <subfield code="t">15. El misterio de la resurrecci&#xF3;n y del nacimiento sobrenatural --</subfield>
    <subfield code="t">16. El misterio del Cristo cristiano o del Dios personal --</subfield>
    <subfield code="t">17. La diferencia entre cristianismo y paganismo --</subfield>
    <subfield code="t">18. El significado cristiano del celibato voluntario y de la vida mon&#xE1;stica --</subfield>
    <subfield code="t">19. El cielo cristiano o la inmortalidad personal. --</subfield>
    <subfield code="t">II. La esencia falsa, es decir, teol&#xF3;gica, de la religi&#xF3;n --</subfield>
    <subfield code="t">20. El punto de vista esencial de la religi&#xF3;n --</subfield>
    <subfield code="t">21. La contradicci&#xF3;n en la existencia de Dios --</subfield>
    <subfield code="t">22. La contradicci&#xF3;n en la revelaci&#xF3;n de Dios --</subfield>
    <subfield code="t">23. La contradicci&#xF3;n en la propia esencia de Dios --</subfield>
    <subfield code="t">24. La contradicci&#xF3;n en la doctrina especulativa de Dios --</subfield>
    <subfield code="t">25. La contradicci&#xF3;n en la trinidad --</subfield>
    <subfield code="t">26. La contradicci&#xF3;n en los sacramentos --</subfield>
    <subfield code="t">27. La contradicci&#xF3;n de la fe y del amor --</subfield>
    <subfield code="t">28. Aplicaci&#xF3;n final --</subfield>
    <subfield code="t">Ap&#xE9;ndice. Explicaciones, observaciones, citas justificativas</subfield>
  </datafield>
  <datafield tag="520" ind1="3" ind2=" ">
    <subfield code="a">&#x201C;Es preciso leer La esencia del cristianismo. Esta lectura, que no tiene nada que ver con la erudici&#xF3;n, puede abrirnos los ojos a la sorprendente descendencia moderna de Feuerbach. En efecto, Feuerbach es la ra&#xED;z (o el tronco) de un &#xE1;rbol geneal&#xF3;gico de ramas tan frondosas, que no hay casi nadie o, al menos, casi ning&#xFA;n fil&#xF3;sofo, que no sea en mayor o menor medida descendiente suyo: Marx desde luego, ciertamente Nietzsche, pero tambi&#xE9;n los te&#xF3;logos "modernos" (Barth, Bultmann), sin hablar de determinados marxistas. Estas distintas filiaciones hacen de Feuerbach un lugar central de nuestra buena o mala conciencia, esto es, de nuestra inconsciencia&#x201D; (J. O. Osier). (Resumen extra&#xED;do de la solapa del libro)</subfield>
  </datafield>
  <datafield tag="521" ind1=" " ind2=" ">
    <subfield code="a">P&#xFA;blico destinatario : P&#xFA;blico general.</subfield>
  </datafield>
  <datafield tag="650" ind1=" " ind2="4">
    <subfield code="a">Cristianismo</subfield>
    <subfield code="9">1847</subfield>
  </datafield>
  <datafield tag="650" ind1=" " ind2="4">
    <subfield code="a">Filosof&#xED;a de la religi&#xF3;n</subfield>
    <subfield code="9">43712</subfield>
  </datafield>
  <datafield tag="700" ind1="1" ind2=" ">
    <subfield code="a">Iglesias, Jos&#xE9; Luis</subfield>
    <subfield code="e">trl</subfield>
  </datafield>
  <datafield tag="700" ind1="1" ind2=" ">
    <subfield code="a">Cabada Castro, Manuel,</subfield>
    <subfield code="d">1935-</subfield>
    <subfield code="e">aui</subfield>
    <subfield code="9">496749</subfield>
  </datafield>
  <datafield tag="942" ind1=" " ind2=" ">
    <subfield code="2">ddc</subfield>
    <subfield code="c">BOOK</subfield>
  </datafield>
  <datafield tag="999" ind1=" " ind2=" ">
    <subfield code="c">855153</subfield>
    <subfield code="d">855153</subfield>
  </datafield>
  <datafield tag="952" ind1=" " ind2=" ">
    <subfield code="0">0</subfield>
    <subfield code="1">0</subfield>
    <subfield code="2">ddc</subfield>
    <subfield code="4">0</subfield>
    <subfield code="5">1</subfield>
    <subfield code="7">0</subfield>
    <subfield code="8">FCGD</subfield>
    <subfield code="a">BC</subfield>
    <subfield code="b">BC</subfield>
    <subfield code="d">2023-05-09</subfield>
    <subfield code="e">Familia Carlos Gaviria D&#xED;az</subfield>
    <subfield code="f">DONA</subfield>
    <subfield code="g">35000.00</subfield>
    <subfield code="l">0</subfield>
    <subfield code="o">CGD 200.1 F423</subfield>
    <subfield code="p">01104679</subfield>
    <subfield code="r">2023-05-09 00:00:00</subfield>
    <subfield code="w">2023-05-09</subfield>
    <subfield code="y">BOOKI</subfield>
    <subfield code="z">Etiqueta de libreros</subfield>
  </datafield>
</record>
